PULP FICTION (Record n. 106481)
[ formato base ]
| 000 -LEADER | |
|---|---|
| fixed length control field | 02266agaaa2200349 4500 |
| 001 - CONTROL NUMBER | |
| control field | 4816 |
| 003 - CONTROL NUMBER IDENTIFIER | |
| control field | IT-RoPAU |
| 005 - DATE AND TIME OF LATEST TRANSACTION | |
| control field | 20220918181246.0 |
| 007 - PHYSICAL DESCRIPTION FIXED FIELD--GENERAL INFORMATION | |
| fixed length control field | d cvaizq |
| 008 - FIXED-LENGTH DATA ELEMENTS--GENERAL INFORMATION | |
| fixed length control field | 50131s9999||||xx ||| | || ||und|| |
| 040 ## - CATALOGING SOURCE | |
| Original cataloging agency | IT-RoPAU |
| Transcribing agency | IT-RoPAU |
| 041 ## - LANGUAGE CODE | |
| Language code of text/sound track or separate title | ITALIANO |
| 100 ## - MAIN ENTRY--PERSONAL NAME | |
| Personal name | Tarantino Quentin |
| Miscellaneous information | Codice regista SPICS: 42150 |
| 9 (RLIN) | 47110 |
| 130 ## - MAIN ENTRY--UNIFORM TITLE | |
| Uniform title | PULP FICTION |
| 9 (RLIN) | 47111 |
| 240 ## - UNIFORM TITLE | |
| Uniform title | PULP FICTION |
| Miscellaneous information | T2932 |
| 245 ## - TITLE STATEMENT | |
| Title | PULP FICTION |
| Statement of responsibility, etc. | Prodotto da: Bender Lawrence -- Sceneggiatura: Tarantino Quentin -- Diretto da: Tarantino Quentin |
| Name of part/section of a work | PULP FICTION (Rif. Codice opera principale : H4816) |
| 246 ## - VARYING FORM OF TITLE | |
| Title proper/short title | PULP FICTION |
| 250 ## - EDITION STATEMENT | |
| Edition statement | Edizione Standard |
| 260 ## - PUBLICATION, DISTRIBUTION, ETC. (IMPRINT) | |
| Place of publication, distribution, etc. | (USA) |
| Name of publisher, distributor, etc. | BAND APART - JERSEY FILMS / Distribuzione: MESSAGGERIE LAZIALI |
| Date of manufacture | "2003 (1° ed.: 2003 ; Ed. Lingua Orig.: 1994)" |
| 300 ## - PHYSICAL DESCRIPTION | |
| Extent | DVD |
| Other physical details | sonoro, col. |
| Dimensions | 147 minuti |
| 508 ## - CREATION/PRODUCTION CREDITS NOTE | |
| Creation/production credits note | "Fotografia: Sekula Andrzej; Montaggio: Menke Sally; Musica: Rachtman Karyn; Sceneggiatura: Tarantino Quentin; Scenografia: Wasco Sandy; Soggetto: Tarantino Quentin -- Avary Roger" |
| 511 ## - PARTICIPANT OR PERFORMER NOTE | |
| Participant or performer note | "Travola John; Jackson Samuel; Thurman Uma; Keitel Harvey; Roth Tim; Plummer Amanda" |
| 520 ## - SUMMARY, ETC. | |
| Summary, etc. | "UNA COPPIA DI DELINQUENTI, DUE KILLER ""IN BIANCO E NERO"" CHE SBRIGANO ALLEGRAMENTE LE LORO PRATICHE DI ESATTORI-ESECUTORI, LA MOGLIE DI UN BOSS ALLE PRESE CON LA NOIA E LA COCAINA, UN PUGILE CHE DEVE LASCIARE IN FRETTA E FURIA LA CITTA' MA CHE DEVE PRIMA RECUPERARE L'OROLOGIO REGALATOGLI DAL PADRE..STORIE E PERSONAGGI CHE INCROCIANO LE LORO ESISTENZE IN UN FILM CHE E' GIA' DIVENTATO UN CLASSICO DELLA STORIA DEL CINEMA E ANCHE UN MODELLO CULTURALE DI FINE SECOLO.VINCITORE DELLA PALMA D'ORO AL FESTIVAL DI CANNES E OSCAR PER LA MIGLIORE SCENEGGIATURA ORIGINALE.CONTRIBUTI EXTRA: BIOGRAFIE E FILMOGRAFIE DEL REGISTA E DEGLI ATTORI PRINCIPALI." |
| 538 ## - SYSTEM DETAILS NOTE | |
| System details note | PAL, STEREO |
| 546 ## - LANGUAGE NOTE | |
| Language note | ITALIANO |
| 650 ## - SUBJECT ADDED ENTRY--TOPICAL TERM | |
| Topical term or geographic name as entry element | DRAMMATICO |
| Relator term | DVD-FILM [DVD] |
| General subdivision | Codice MATERIA SPICS: 9947 |
| 9 (RLIN) | 47112 |
| 700 ## - ADDED ENTRY--PERSONAL NAME | |
| Personal name | Avary Roger |
| Relator term | (soggetto) |
| Miscellaneous information | Codice Soggetto 2° SPICS: 44714 |
| 9 (RLIN) | 47113 |
| 700 ## - ADDED ENTRY--PERSONAL NAME | |
| Personal name | Rachtman Karyn |
| Relator term | (musica) |
| Miscellaneous information | Codice Musica SPICS: 57851 |
| 9 (RLIN) | 47114 |
| 700 ## - ADDED ENTRY--PERSONAL NAME | |
| Personal name | Tarantino Quentin |
| Relator term | (regista) |
| Miscellaneous information | Codice regista SPICS: 42150 |
| 9 (RLIN) | 47115 |
| 700 ## - ADDED ENTRY--PERSONAL NAME | |
| Personal name | Tarantino Quentin |
| Relator term | (soggetto) |
| Miscellaneous information | Codice Soggetto SPICS: 42150 |
| 9 (RLIN) | 47116 |
| 942 ## - ADDED ENTRY ELEMENTS (KOHA) | |
| Koha item type | DVD |
| Source of classification or shelving scheme | Dewey Decimal Classification |
| Withdrawn status | Lost status | Damaged status | Not for loan | Home library | Current library | Date acquired | Total Checkouts | Full call number | Date last seen | Price effective from | Koha item type | Public note |
|---|---|---|---|---|---|---|---|---|---|---|---|---|
| Buone Condizioni | Not For Loan | SPICS-MEDIATECA | SPICS-MEDIATECA | 31/01/2015 | H4816 | 31/01/2015 | 31/01/2015 | DVD | Progr. Ins.: 3175 / N.Vol.:1 / Copie: 1 / Pag.:0 / Copia rara: n.d. / date import: 1.2.2015 / By Epidotti, Trombetti, Vaglietti |